Geboren in Kaiserslautern - Statistiken

Allgemein
  • Dieses Quiz wurde 159 mal gespielt
    40 seit der letzten Aktualisierung
  • Das Durchschnittsergebnis liegt bei 6 aus 11
Antwortstatistiken
Hinweis Antwort % Korrekt
Kapitän der Mannschaft beim WM-Sieg 1954 und Namensgeber des Stadions in Kaiserslautern 1920 Fritz Walter
100%
Bruder von ^ und ebenfalls Fußballweltmeister 1924 Ottmar Walter
100%
Sänger, "Au Revoir" "Wir sind groß" "Chöre" 1983 Mark Forster
80%
ungarischer Fußballnationalspieler, RB Leipzig 1992 Willi Orban
69%
deutscher Fußballnationalspieler, Eintracht Frankfurt 1996 Robin Koch
63%
ehemaliger Fußballschiedsrichter und mehrfacher Weltschiedsrichter 1962 Markus Merk
60%
Fußballtrainer (Kaiserslautern und Münster) 1972 Sascha Hildmann
46%
Model, Gewinnerin von Germany's Next Top Model 2014 und Gastgeberin ihres eigenen Podcasts "G Spot" 1996 Stefanie Giesinger
40%
ehemaliger Spieler des 1.FC Kaiserslautern und deutscher Fußballnationalspieler 1955 Hans-Peter Briegel
29%
Handballnationaltorwart, Rhein-Neckar Löwen 2002 David Späth
20%
früherer Weltmeister im Stabhochsprung 1989 Raphael Holzdeppe
14%
Keine übereinstimmenden Quizze gefunden
Verteilung der Resultate
Anzahl Personen mit jedem Resultat
Perzentil nach korrekt beantworteten Fragen
Ihre Resultats-Entwicklung
Sie haben dieses Quiz seit der letzten Aktualisierung nicht gespielt